header

Measuring the gains from medical research (Record no. 197164)

MARC details
000 -LEADER
fixed length control field 01942nam a2200337 a 4500
082 04 - DEWEY DECIMAL CLASSIFICATION NUMBER
Classification number 362.1/068
245 00 - TITLE STATEMENT
Title Measuring the gains from medical research
260 ## - PUBLICATION, DISTRIBUTION, ETC. (IMPRINT)
Place of publication Chicago :
Name of publisher University of Chicago Press,
Year of publication c2003.
300 ## - PHYSICAL DESCRIPTION
Number of Pages vi, 263 p. :
Other physical details ill.
505 0# - FORMATTED CONTENTS NOTE
Formatted contents note The health of nations: the contribution of improved health to living standards / William D. Nordhaus -- The economic value of medical research / Kevin M. Murphy and Robert Topel -- Pharmaceutical innovation, mortality reduction, and economic growth / Frank R. Lichtenberg -- The return to biomedical research: treatment and behavioral effects / David M. Cutler and Srikanth Kadiyala -- Biomedical research and then some: the causes of technological change in heart attack treatment / Paul Heidenreich and Mark McClellan -- Can medical cost-effectiveness analysis identify the value of research? / David Meltzer.
650 #0 - SUBJECT ADDED ENTRY--TOPICAL TERM
Topical Term Medicine
700 1# - ADDED ENTRY--PERSONAL NAME
Personal name Murphy, Kevin M.
Personal name Topel, Robert H.
856 40 - ELECTRONIC LOCATION AND ACCESS
Uniform Resource Identifier http://site.ebrary.com/lib/rucke/Doc?id=10389542

No items available.

© 2026 Rongo University
Contact us: librarian | system librarian | Rongo university